000 01874 a2200241 4500
001 13819
005 20260407155444.0
008 260407a1980 arg spa d
003 AR-UNSa-BCEJYS
040 _aAR-UNSa-BCEJYS
_bspa
_cAR-UNSa-BCEJYS
080 _a342.9
_xDerecho Administrativo
245 1 0 _aManual de derecho administrativo
250 _a2a. ed.
264 1 _aBuenos Aires :
_bPlus Ultra
_c1980
300 _a484 p.
_c22 cm.
505 _a1. El Estado y sus funciones - 2. La administración pública - 3. El derecho administrativo - 4. Relaciones del derecho administrativo - 5. Fuentes del derecho administrativo - 6. Organización administrativa - 7. Los sujetos en el derecho administrativo - 8. Organización administrativa Argentina - 9. De los hechoa y actos administrativos - 10. Clasificación de los actos administrativos - 11. La formación del acto administrativo - 12. Elementos del acto admionistrativo - 13. Caracteres del acto administrativo - 14. Nulidad de los actos administrativos - 15. Los vicios del acto administrativo - 16. Del saneamiento y de la conversión de los actos administrativos - 17. De la extinción de los actos administrativos - 18. La interpretación de los actos administrativos - 19. El acto de gobierno del órgano ejecutivo - 20. Contratos administrativos - 21. Procedimiento para la formación de los contratos que celebre la administración - 22. De la ejecución de los contratos administrativos - 23. De la extinción de los contratos administrativos - 24. Contrato de obra pública - 25. Concesión de obra pública - 26. Contrato de suministros
041 _aspa
942 _cBK
590 _aniveau_biblio:m niveau_hierar:0
100 1 _aGonzalez de Reca, Florencia
700 1 _aDiez, Manuel María
856 4 1 _uhttps://biblioeco.unsa.edu.ar/pmb/images/libros/L85532.jpg
_yImagen de portada
_qimage/jpeg
999 _c549
_d549